Kulturang popular : pagbasa, pagsusuri at paglikha / Rolando A. Bernales, Jonathan V. Geronimo, Jenice G. Orpeza ; kontribyutor, Abdullah T. Abubakar. (Record no. 21557)

000 -LEADER
fixed length control field 00722nam a22001817a 4500
020 ## - INTERNATIONAL STANDARD BOOK NUMBER
ISBN 9786210800388
082 ## - DEWEY DECIMAL CLASSIFICATION NUMBER
Classification number 499.211
Item number B5178 2023
100 ## - MAIN ENTRY--AUTHOR NAME
Personal name Bernales, Rolando A., author.
245 ## - TITLE STATEMENT
Title Kulturang popular : pagbasa, pagsusuri at paglikha / Rolando A. Bernales, Jonathan V. Geronimo, Jenice G. Orpeza ; kontribyutor, Abdullah T. Abubakar.
260 ## - PUBLICATION, DISTRIBUTION, ETC. (IMPRINT)
Place of publication Malabon City :
Name of publisher Mutya Publishing House, Inc.,
Year of publication ©2023.
300 ## - PHYSICAL DESCRIPTION
Number of Pages 132 pages :
Other physical details illustrations ; 26 cm
500 ## - GENERAL NOTE
General note Includes bibliographical references.
650 ## - SUBJECT ADDED ENTRY--TOPICAL TERM
Topical Term Filipino language -- Study and teaching.
650 ## - SUBJECT ADDED ENTRY--TOPICAL TERM
Topical Term Academic writing -- Study and teaching (Higher).
700 ## - ADDED ENTRY--PERSONAL NAME
Personal name Geronimo, Jonathan V.
700 ## - ADDED ENTRY--PERSONAL NAME
Personal name Orpeza, Jenice G.
942 ## - ADDED ENTRY ELEMENTS (KOHA)
Koha item type Books
Holdings
Source of acquisition Permanent Location Date acquired Koha item type Collection code Accession Number Lost status Shelving location Withdrawn status Current Location Full call number
SchoolCagayan State University - Carig Library2025-12-03BooksLanguages011229 General Collection Cagayan State University - Carig Library499.211 B5178 2023
SchoolCagayan State University - Carig Library2025-12-03BooksLanguages011230 General Collection Cagayan State University - Carig Library499.211 B5178 2023
SchoolCagayan State University - Carig Library2025-12-03BooksLanguages011231 General Collection Cagayan State University - Carig Library499.211 B5178 2023

Cagayan State University University Library, Carig Campus
Tuguegarao City, Cagayan 3500 | www.csucarig.edu.ph

Powered by Koha